[Event "FIDE World Cup 2025"]
[Site "Goa, India"]
[Date "2025.11.01"]
[Round "1.1"]
[White "Abugenda, Nagi"]
[Black "Erdogmus, Yagiz Kaan"]
[Result "0-1"]
[TimeControl ": 90 minutes for the first 40 moves, followed by 30 minutes for the rest of the gamewith an increment of 30 seconds per move starting from move 1"]
[WhiteFideId "9202544"]
[BlackFideId "44599790"]
[WhiteElo "1972"]
[BlackElo "2651"]

1. e4 {[%clk 01:30:54]} {[%emt 00:00:05]} e6 {[%clk 01:30:57]} {[%emt
00:00:03]} 2. d4 {[%clk 01:24:53]} {[%emt 00:06:31]} d5 {[%clk 01:31:15]}
{[%emt 00:00:12]} 3. exd5 {[%clk 01:25:07]} {[%emt 00:00:16]} exd5 {[%clk
01:31:40]} {[%emt 00:00:06]} 4. Bd3 {[%clk 01:24:41]} {[%emt 00:00:54]} Nc6
{[%clk 01:31:24]} {[%emt 00:00:46]} 5. c3 {[%clk 01:24:06]} {[%emt 00:01:05]}
Bd6 {[%clk 01:31:34]} {[%emt 00:00:20]} 6. h3 {[%clk 01:23:27]} {[%emt
00:01:09]} Nge7 {[%clk 01:18:13]} {[%emt 00:13:52]} 7. Qf3 {[%clk 01:18:40]}
{[%emt 00:05:16]} O-O {[%clk 01:03:04]} {[%emt 00:15:40]} 8. Ne2 {[%clk
01:15:29]} {[%emt 00:03:39]} Ng6 {[%clk 01:01:45]} {[%emt 00:01:51]} 9. h4
{[%clk 00:59:39]} {[%emt 00:16:21]} Re8 {[%clk 00:50:39]} {[%emt 00:11:36]} 10.
g3 {[%clk 00:53:52]} {[%emt 00:06:16]} Nce5 {[%clk 00:44:23]} {[%emt 00:06:46]}
11. dxe5 {[%clk 00:46:23]} {[%emt 00:08:00]} Nxe5 {[%clk 00:44:50]} {[%emt
00:00:01]} 12. Qxd5 {[%clk 00:37:28]} {[%emt 00:09:26]} Be6 {[%clk 00:37:37]}
{[%emt 00:07:43]} 13. Qe4 {[%clk 00:25:17]} {[%emt 00:12:41]} f5 {[%clk
00:38:02]} {[%emt 00:00:04]} 14. Qe3 {[%clk 00:02:29]} {[%emt 00:23:18]} Bd5
{[%clk 00:38:28]} {[%emt 00:00:04]} 15. Kf1 {[%clk 00:01:51]} {[%emt 00:01:09]}
Bxh1 {[%clk 00:36:01]} {[%emt 00:02:58]} 16. Bxf5 {[%clk 00:00:34]} {[%emt
00:01:46]} Bc5 {[%clk 00:36:13]} {[%emt 00:00:18]} 17. Qg5 {[%clk 00:00:31]}
{[%emt 00:00:32]} Qd1# {[%clk 00:36:09]} {[%emt 00:00:02]} 0-1

[Event "FIDE World Cup 2025"]
[Site "Goa, India"]
[Date "2025.11.01"]
[Round "1.2"]
[White "Xiong, Jeffery"]
[Black "Li, Yiheng"]
[Result "1-0"]
[TimeControl ": 90 minutes for the first 40 moves, followed by 30 minutes for the rest of the gamewith an increment of 30 seconds per move starting from move 1"]
[WhiteFideId "2047640"]
[BlackFideId "6006760"]
[WhiteElo "2648"]
[BlackElo "1994"]

1. e4 {[%clk 01:30:55]} {[%emt 00:00:06]} c5 {[%clk 01:30:52]} {[%emt
00:00:08]} 2. Nf3 {[%clk 01:31:10]} {[%emt 00:00:13]} d6 {[%clk 01:31:14]}
{[%emt 00:00:09]} 3. d4 {[%clk 01:31:22]} {[%emt 00:00:18]} cxd4 {[%clk
01:31:33]} {[%emt 00:00:11]} 4. Nxd4 {[%clk 01:31:37]} {[%emt 00:00:14]} Nf6
{[%clk 01:31:54]} {[%emt 00:00:10]} 5. Nc3 {[%clk 01:31:46]} {[%emt 00:00:21]}
a6 {[%clk 01:32:15]} {[%emt 00:00:09]} 6. h3 {[%clk 01:31:51]} {[%emt
00:00:24]} e5 {[%clk 01:32:28]} {[%emt 00:00:18]} 7. Nde2 {[%clk 01:32:02]}
{[%emt 00:00:19]} h5 {[%clk 01:32:39]} {[%emt 00:00:19]} 8. g3 {[%clk
01:32:07]} {[%emt 00:00:24]} Be7 {[%clk 01:32:30]} {[%emt 00:00:40]} 9. Bg2
{[%clk 01:32:03]} {[%emt 00:00:33]} b5 {[%clk 01:32:14]} {[%emt 00:00:47]} 10.
Nd5 {[%clk 01:31:54]} {[%emt 00:00:41]} Nxd5 {[%clk 01:32:01]} {[%emt
00:00:39]} 11. Qxd5 {[%clk 01:32:18]} {[%emt 00:00:06]} Ra7 {[%clk 01:32:19]}
{[%emt 00:00:13]} 12. Be3 {[%clk 01:32:17]} {[%emt 00:00:31]} Rb7 {[%clk
01:32:16]} {[%emt 00:00:34]} 13. Qd2 {[%clk 01:32:11]} {[%emt 00:00:36]} Nd7
{[%clk 01:30:53]} {[%emt 00:01:53]} 14. b3 {[%clk 01:32:26]} {[%emt 00:00:15]}
Nf6 {[%clk 01:28:18]} {[%emt 00:03:05]} 15. O-O-O {[%clk 01:31:39]} {[%emt
00:01:16]} O-O {[%clk 01:22:44]} {[%emt 00:06:05]} 16. g4 {[%clk 01:31:26]}
{[%emt 00:00:43]} h4 {[%clk 01:02:20]} {[%emt 00:20:54]} 17. Rhg1 {[%clk
01:31:43]} {[%emt 00:00:13]} Nh7 {[%clk 00:53:15]} {[%emt 00:09:36]} 18. f4
{[%clk 01:32:02]} {[%emt 00:00:10]} exf4 {[%clk 00:51:33]} {[%emt 00:02:13]} 19.
Nxf4 {[%clk 01:29:09]} {[%emt 00:03:22]} Rd7 {[%clk 00:46:22]} {[%emt
00:05:42]} 20. Kb1 {[%clk 01:24:44]} {[%emt 00:04:54]} Bg5 {[%clk 00:40:04]}
{[%emt 00:06:49]} 21. Rgf1 {[%clk 01:16:36]} {[%emt 00:08:38]} Re8 {[%clk
00:36:27]} {[%emt 00:04:08]} 22. Qf2 {[%clk 01:00:56]} {[%emt 00:16:10]} Bb7
{[%clk 00:33:03]} {[%emt 00:03:55]} 23. Bb6 {[%emt 00:03:20]} Qe7 {[%clk
00:26:37]} {[%emt 00:04:08]} 24. Nd5 {[%clk 00:51:37]} {[%emt 00:09:46]} Bxd5
{[%clk 00:24:56]} {[%emt 00:02:11]} 25. Rxd5 {[%clk 00:52:03]} {[%emt
00:00:03]} Bf6 {[%emt 00:07:14]} 26. Bd4 {[%clk 00:48:00]} {[%emt 00:03:03]}
Bxd4 {[%clk 00:18:03]} {[%emt 00:02:11]} 27. Qxd4 {[%clk 00:47:57]} {[%emt
00:00:31]} Ng5 {[%clk 00:11:32]} {[%emt 00:07:01]} 28. Kb2 {[%clk 00:47:32]}
{[%emt 00:00:55]} Ne6 {[%clk 00:09:52]} {[%emt 00:02:11]} 29. Qb6 {[%clk
00:47:47]} {[%emt 00:00:14]} Qd8 {[%clk 00:06:49]} {[%emt 00:03:34]} 30. Qxd8
{[%clk 00:47:16]} {[%emt 00:01:01]} Rexd8 {[%clk 00:05:35]} {[%emt 00:01:44]}
31. e5 {[%clk 00:47:37]} {[%emt 00:00:07]} Nc7 {[%clk 00:04:45]} {[%emt
00:01:21]} 32. Rxd6 {[%clk 00:40:17]} {[%emt 00:07:50]} Rxd6 {[%clk 00:05:09]}
{[%emt 00:00:07]} 33. exd6 {[%clk 00:40:45]} {[%emt 00:00:03]} Rxd6 {[%clk
00:05:29]} {[%emt 00:00:12]} 34. Kc3 {[%clk 00:41:10]} {[%emt 00:00:02]} Ne6
{[%clk 00:03:29]} {[%emt 00:02:30]} 35. Rf2 {[%clk 00:39:42]} {[%emt 00:01:58]}
Kf8 {[%clk 00:01:52]} {[%emt 00:02:08]} 36. Kb4 {[%clk 00:39:33]} {[%emt
00:00:39]} g5 {[%clk 00:00:55]} {[%emt 00:01:27]} 37. Ka5 {[%clk 00:34:25]}
{[%emt 00:05:39]} Nf4 {[%clk 00:00:40]} {[%emt 00:00:46]} 38. Bf1 {[%clk
00:34:51]} {[%emt 00:00:03]} Ke7 {[%clk 00:00:38]} {[%emt 00:00:32]} 39. b4
{[%clk 00:33:21]} {[%emt 00:02:00]} Rc6 {[%clk 00:00:33]} {[%emt 00:00:34]} 40.
a4 {[%clk 00:32:21]} {[%emt 00:01:31]} bxa4 {[%clk 00:00:35]} {[%emt 00:00:29]}
41. c4 {[%clk 00:28:48]} {[%emt 00:04:03]} f5 {[%clk 00:17:14]} {[%emt
00:13:51]} 42. gxf5 {[%clk 00:58:08]} {[%emt 00:01:10]} Rf6 {[%clk 00:13:11]}
{[%emt 00:04:34]} 43. c5 {[%clk 00:52:41]} {[%emt 00:05:56]} Rxf5 {[%clk
00:12:15]} {[%emt 00:01:26]} 44. Rf3 {[%clk 00:49:50]} {[%emt 00:03:33]} Rf6
{[%clk 00:04:19]} {[%emt 00:08:12]} 45. Bxa6 {[%clk 00:44:12]} {[%emt
00:06:09]} Re6 {[%clk 00:00:34]} {[%emt 00:04:16]} 46. b5 {[%clk 00:41:09]}
{[%emt 00:03:33]} Re5 {[%clk 00:00:32]} {[%emt 00:00:36]} 47. c6 {[%clk
00:36:42]} {[%emt 00:04:53]} Kd6 {[%clk 00:00:34]} {[%emt 00:00:29]} 48. Bb7
{[%clk 00:35:38]} {[%emt 00:01:33]} Kc7 {[%clk 00:00:33]} {[%emt 00:00:32]} 49.
Ka6 {[%clk 00:35:51]} {[%emt 00:00:19]} Nd5 {[%clk 00:00:32]} {[%emt 00:00:30]}
50. b6+ {[%clk 00:33:30]} {[%emt 00:02:50]} Kd6 {[%clk 00:00:33]} {[%emt
00:00:29]} 51. Ka7 {[%clk 00:29:53]} {[%emt 00:04:07]} Re7 {[%clk 00:00:31]}
{[%emt 00:00:31]} 52. Rd3 {[%clk 00:30:07]} {[%emt 00:00:16]} Re8 {[%emt
00:00:34]} 53. c7 {[%clk 00:30:29]} {[%emt 00:00:04]} 1-0

[Event "FIDE World Cup 2025"]
[Site "Goa, India"]
[Date "2025.11.01"]
[Round "1.3"]
[White "Qin, Oscar Shu Xuan"]
[Black "Rodshtein, Maxim"]
[Result "0-1"]
[TimeControl ": 90 minutes for the first 40 moves, followed by 30 minutes for the rest of the gamewith an increment of 30 seconds per move starting from move 1"]
[WhiteFideId "4304314"]
[BlackFideId "2806851"]
[WhiteElo "2078"]
[BlackElo "2647"]

1. e4 {[%clk 01:30:56]} {[%emt 00:00:03]} c5 {[%clk 01:30:51]} {[%emt
00:00:09]} 2. Nf3 {[%clk 01:31:18]} {[%emt 00:00:08]} e6 {[%clk 01:30:53]}
{[%emt 00:00:28]} 3. b3 {[%clk 01:31:28]} {[%emt 00:00:20]} Nc6 {[%clk
01:29:23]} {[%emt 00:02:00]} 4. Bb2 {[%clk 01:31:46]} {[%emt 00:00:12]} Nf6
{[%clk 01:25:53]} {[%emt 00:04:00]} 5. e5 {[%clk 01:31:33]} {[%emt 00:00:43]}
Nd5 {[%clk 01:24:53]} {[%emt 00:01:30]} 6. c4 {[%clk 01:26:55]} {[%emt
00:05:07]} Nc7 {[%clk 01:20:39]} {[%emt 00:04:44]} 7. g3 {[%clk 01:21:41]}
{[%emt 00:05:44]} Be7 {[%clk 01:10:58]} {[%emt 00:10:12]} 8. Bg2 {[%clk
01:16:49]} {[%emt 00:05:21]} O-O {[%clk 01:09:54]} {[%emt 00:01:34]} 9. O-O
{[%clk 01:12:25]} {[%emt 00:04:55]} d5 {[%clk 01:02:43]} {[%emt 00:07:41]} 10.
exd6 {[%clk 00:46:44]} {[%emt 00:26:11]} Qxd6 {[%clk 01:03:06]} {[%emt
00:00:07]} 11. Nc3 {[%clk 00:43:54]} {[%emt 00:03:20]} Rd8 {[%clk 01:01:21]}
{[%emt 00:02:16]} 12. Ne4 {[%clk 00:42:17]} {[%emt 00:02:07]} Qd7 {[%clk
01:01:00]} {[%emt 00:00:50]} 13. Qe2 {[%clk 00:39:50]} {[%emt 00:02:57]} f6
{[%clk 00:57:18]} {[%emt 00:04:12]} 14. Bh3 {[%clk 00:32:30]} {[%emt 00:07:49]}
Qe8 {[%clk 00:54:10]} {[%emt 00:03:39]} 15. Qe3 {[%clk 00:30:35]} {[%emt
00:02:26]} e5 {[%clk 00:45:21]} {[%emt 00:09:19]} 16. Bxc8 {[%clk 00:26:24]}
{[%emt 00:04:40]} Raxc8 {[%clk 00:45:44]} {[%emt 00:00:07]} 17. Nxc5 {[%clk
00:24:46]} {[%emt 00:02:08]} Bxc5 {[%clk 00:44:35]} {[%emt 00:01:38]} 18. Qxc5
{[%clk 00:25:08]} {[%emt 00:00:10]} Rd3 {[%clk 00:43:42]} {[%emt 00:01:23]} 19.
Ne1 {[%clk 00:20:16]} {[%emt 00:05:21]} Ne6 {[%clk 00:41:33]} {[%emt 00:02:40]}
20. Qb5 {[%clk 00:17:20]} {[%emt 00:03:26]} Rxd2 {[%clk 00:40:17]} {[%emt
00:01:45]} 21. Bc3 {[%clk 00:17:28]} {[%emt 00:00:22]} Rd7 {[%clk 00:40:21]}
{[%emt 00:00:26]} 22. Nc2 {[%clk 00:15:28]} {[%emt 00:02:30]} Qg6 {[%clk
00:37:00]} {[%emt 00:03:50]} 23. Ne3 {[%clk 00:14:15]} {[%emt 00:01:44]} Qe4
{[%clk 00:34:23]} {[%emt 00:03:07]} 24. Rfd1 {[%clk 00:12:03]} {[%emt
00:02:43]} a6 {[%clk 00:30:24]} {[%emt 00:04:29]} 25. Qb6 {[%clk 00:09:31]}
{[%emt 00:03:02]} Ncd4 {[%clk 00:25:44]} {[%emt 00:05:09]} 26. Bxd4 {[%clk
00:08:21]} {[%emt 00:01:41]} Nxd4 {[%clk 00:26:07]} {[%emt 00:00:06]} 27. Ng2
{[%clk 00:04:28]} {[%emt 00:04:23]} Rcd8 {[%clk 00:24:07]} {[%emt 00:02:29]} 28.
Rf1 {[%clk 00:04:50]} {[%emt 00:00:08]} Rd6 {[%clk 00:19:30]} {[%emt 00:05:06]}
29. Qa5 {[%clk 00:04:35]} {[%emt 00:00:46]} Nf3+ {[%clk 00:19:14]} {[%emt
00:00:45]} 30. Kh1 {[%clk 00:05:01]} {[%emt 00:00:04]} Qf5 {[%clk 00:18:42]}
{[%emt 00:01:03]} 31. Ne1 {[%clk 00:02:43]} {[%emt 00:02:48]} h5 {[%clk
00:18:02]} {[%emt 00:01:09]} 32. Qc3 {[%clk 00:02:08]} {[%emt 00:01:05]} Rd3
{[%clk 00:18:15]} {[%emt 00:00:18]} 33. Qb4 {[%clk 00:01:42]} {[%emt 00:00:56]}
Nxe1 {[%clk 00:15:39]} {[%emt 00:03:06]} 34. Raxe1 {[%clk 00:01:34]} {[%emt
00:00:38]} Qf3+ {[%clk 00:16:02]} {[%emt 00:00:12]} 35. Kg1 {[%clk 00:02:02]}
h4 {[%clk 00:16:23]} {[%emt 00:00:12]} 36. Re3 {[%clk 00:01:07]} {[%emt
00:01:20]} Rxe3 {[%clk 00:16:40]} {[%emt 00:00:13]} 37. fxe3 {[%clk 00:01:34]}
{[%emt 00:00:03]} Qxe3+ {[%clk 00:17:04]} {[%emt 00:00:05]} 38. Kh1 {[%clk
00:01:51]} {[%emt 00:00:14]} Qe4+ {[%clk 00:17:00]} {[%emt 00:00:33]} 39. Kg1
{[%clk 00:02:15]} {[%emt 00:00:07]} h3 {[%clk 00:17:23]} {[%emt 00:00:08]} 0-1

[Event "FIDE World Cup 2025"]
[Site "Goa, India"]
[Date "2025.11.01"]
[Round "1.4"]
[White "Artemiev, Vladislav"]
[Black "Ndahangwapo, Heskiel"]
[Result "1-0"]
[TimeControl ": 90 minutes for the first 40 moves, followed by 30 minutes for the rest of the gamewith an increment of 30 seconds per move starting from move 1"]
[WhiteFideId "24101605"]
[BlackFideId "15202020"]
[WhiteElo "2646"]
[BlackElo "2093"]

1. c4 {[%clk 01:30:07]} {[%emt 00:00:52]} Nf6 {[%clk 01:30:11]} {[%emt
00:00:49]} 2. Nc3 {[%clk 01:30:05]} {[%emt 00:00:32]} d5 {[%clk 01:27:44]}
{[%emt 00:02:57]} 3. cxd5 {[%clk 01:29:41]} {[%emt 00:00:59]} Nxd5 {[%clk
01:28:08]} {[%emt 00:00:03]} 4. g3 {[%clk 01:29:04]} {[%emt 00:01:06]} g6
{[%clk 01:24:06]} {[%emt 00:04:32]} 5. Bg2 {[%clk 01:27:26]} {[%emt 00:02:07]}
c6 {[%clk 01:24:10]} {[%emt 00:00:26]} 6. Qb3 {[%clk 01:20:47]} {[%emt
00:07:08]} Nf6 {[%clk 01:22:39]} {[%emt 00:02:01]} 7. Nf3 {[%clk 01:20:46]}
{[%emt 00:00:31]} Bg7 {[%clk 01:23:02]} {[%emt 00:00:08]} 8. O-O {[%clk
01:20:51]} {[%emt 00:00:25]} O-O {[%clk 01:21:50]} {[%emt 00:01:42]} 9. Rd1
{[%clk 01:17:25]} {[%emt 00:03:56]} Qc7 {[%clk 01:15:59]} {[%emt 00:06:20]} 10.
d4 {[%clk 01:16:35]} {[%emt 00:01:21]} Be6 {[%clk 01:15:29]} {[%emt 00:00:59]}
11. Qc2 {[%clk 01:12:43]} {[%emt 00:04:23]} Qc8 {[%clk 01:09:24]} {[%emt
00:06:35]} 12. e4 {[%clk 01:05:23]} {[%emt 00:07:49]} Bh3 {[%clk 01:07:54]}
{[%emt 00:02:00]} 13. Bf4 {[%clk 00:59:27]} {[%emt 00:06:26]} Bxg2 {[%clk
01:06:58]} {[%emt 00:01:26]} 14. Kxg2 {[%clk 00:59:47]} {[%emt 00:00:11]} Nbd7
{[%clk 00:57:42]} {[%emt 00:09:46]} 15. Rac1 {[%clk 00:53:37]} {[%emt
00:06:40]} Qd8 {[%clk 00:47:45]} {[%emt 00:10:27]} 16. e5 {[%clk 00:49:46]}
{[%emt 00:04:21]} Nd5 {[%clk 00:47:40]} {[%emt 00:00:36]} 17. Nxd5 {[%clk
00:50:00]} {[%emt 00:00:17]} cxd5 {[%clk 00:47:58]} {[%emt 00:00:12]} 18. Qc7
{[%clk 00:49:47]} {[%emt 00:00:42]} b6 {[%clk 00:41:09]} {[%emt 00:07:19]} 19.
Qb7 {[%clk 00:47:10]} {[%emt 00:03:07]} e6 {[%clk 00:35:31]} {[%emt 00:06:08]}
20. Rc7 {[%clk 00:46:03]} {[%emt 00:01:36]} Rb8 {[%clk 00:35:19]} {[%emt
00:00:42]} 21. Qxa7 {[%clk 00:46:26]} {[%emt 00:00:08]} Ra8 {[%clk 00:35:40]}
{[%emt 00:00:09]} 22. Qb7 {[%clk 00:46:52]} {[%emt 00:00:04]} Rb8 {[%clk
00:35:10]} {[%emt 00:01:00]} 23. Qc6 {[%clk 00:47:14]} {[%emt 00:00:09]} Rc8
{[%clk 00:35:28]} {[%emt 00:00:11]} 24. Rc1 {[%clk 00:47:28]} {[%emt 00:00:16]}
Rxc7 {[%clk 00:34:53]} {[%emt 00:01:05]} 25. Qxc7 {[%clk 00:47:48]} {[%emt
00:00:10]} h6 {[%clk 00:34:59]} {[%emt 00:00:23]} 26. h4 {[%clk 00:43:12]}
{[%emt 00:05:06]} Re8 {[%clk 00:33:51]} {[%emt 00:01:38]} 27. Qb7 {[%clk
00:42:19]} {[%emt 00:01:24]} Bf8 {[%clk 00:32:34]} {[%emt 00:01:47]} 28. Rc7
{[%clk 00:42:18]} {[%emt 00:00:31]} Re7 {[%clk 00:32:17]} {[%emt 00:00:47]} 29.
Rc8 {[%clk 00:42:38]} {[%emt 00:00:10]} 1-0

[Event "FIDE World Cup 2025"]
[Site "Goa, India"]
[Date "2025.11.01"]
[Round "1.5"]
[White "Alrehaili, Ahmed Abdullah S"]
[Black "Adams, Michael"]
[Result "0-1"]
[TimeControl ": 90 minutes for the first 40 moves, followed by 30 minutes for the rest of the gamewith an increment of 30 seconds per move starting from move 1"]
[WhiteFideId "21518840"]
[BlackFideId "400041"]
[WhiteElo "2109"]
[BlackElo "2646"]

1. e4 {[%clk 01:30:57]} {[%emt 00:00:04]} e5 {[%clk 01:30:53]} {[%emt
00:00:04]} 2. Nf3 {[%clk 01:31:11]} {[%emt 00:00:16]} Nc6 {[%clk 01:31:14]}
{[%emt 00:00:10]} 3. Bc4 {[%clk 01:31:24]} {[%emt 00:00:17]} Nf6 {[%clk
01:31:27]} {[%emt 00:00:16]} 4. d3 {[%clk 01:31:36]} {[%emt 00:00:18]} Be7
{[%clk 01:31:45]} {[%emt 00:00:13]} 5. O-O {[%clk 01:31:44]} {[%emt 00:00:22]}
O-O {[%clk 01:31:56]} {[%emt 00:00:19]} 6. Re1 {[%clk 01:31:35]} {[%emt
00:00:39]} d6 {[%clk 01:32:15]} {[%emt 00:00:11]} 7. c3 {[%clk 01:31:51]}
{[%emt 00:00:15]} Na5 {[%clk 01:32:00]} {[%emt 00:00:45]} 8. Bb5 {[%clk
01:32:09]} {[%emt 00:00:13]} a6 {[%clk 01:32:21]} {[%emt 00:00:08]} 9. Ba4
{[%clk 01:32:30]} {[%emt 00:00:08]} b5 {[%clk 01:32:43]} {[%emt 00:00:09]} 10.
Bc2 {[%clk 01:32:53]} {[%emt 00:00:07]} c5 {[%clk 01:33:07]} {[%emt 00:00:06]}
11. Nbd2 {[%clk 01:32:53]} {[%emt 00:00:30]} Nc6 {[%clk 01:31:51]} {[%emt
00:01:46]} 12. Nf1 {[%clk 01:32:21]} {[%emt 00:01:02]} Be6 {[%clk 01:31:56]}
{[%emt 00:00:25]} 13. h3 {[%clk 01:31:15]} {[%emt 00:01:36]} h6 {[%clk
01:30:35]} {[%emt 00:01:50]} 14. Ng3 {[%clk 01:29:05]} {[%emt 00:02:40]} Re8
{[%clk 01:28:01]} {[%emt 00:03:04]} 15. d4 {[%clk 01:27:47]} {[%emt 00:01:49]}
cxd4 {[%clk 01:19:12]} {[%emt 00:09:19]} 16. cxd4 {[%clk 01:28:10]} {[%emt
00:00:07]} exd4 {[%clk 01:19:37]} {[%emt 00:00:04]} 17. Nxd4 {[%clk 01:28:21]}
{[%emt 00:00:19]} Nxd4 {[%clk 01:11:59]} {[%emt 00:08:08]} 18. Qxd4 {[%clk
01:28:41]} {[%emt 00:00:10]} Rc8 {[%clk 01:11:55]} {[%emt 00:00:35]} 19. Bb3
{[%clk 01:23:17]} {[%emt 00:05:53]} d5 {[%clk 01:08:26]} {[%emt 00:03:59]} 20.
e5 {[%clk 01:18:03]} {[%emt 00:05:44]} Bc5 {[%clk 01:07:36]} {[%emt 00:01:19]}
21. Qf4 {[%clk 01:10:03]} {[%emt 00:08:30]} Ne4 {[%clk 01:03:58]} {[%emt
00:04:09]} 22. Nxe4 {[%clk 01:06:48]} {[%emt 00:03:45]} dxe4 {[%clk 01:04:24]}
{[%emt 00:00:05]} 23. Qxe4 {[%clk 00:56:23]} {[%emt 00:10:54]} Qd4 {[%clk
01:01:28]} {[%emt 00:03:26]} 24. Qf3 {[%clk 00:49:09]} {[%emt 00:07:44]} Bxb3
{[%clk 00:57:40]} {[%emt 00:04:18]} 25. axb3 {[%clk 00:49:28]} {[%emt
00:00:11]} Rxe5 {[%clk 00:56:11]} 26. Rxe5 {[%clk 00:42:54]} {[%emt 00:09:02]}
Qxe5 {[%clk 00:56:39]} {[%emt 00:00:02]} 27. Bxh6 {[%clk 00:42:13]} {[%emt
00:01:12]} Re8 {[%clk 00:47:13]} {[%emt 00:09:57]} 28. Bf4 {[%clk 00:32:03]}
{[%emt 00:10:40]} Qe2 {[%clk 00:43:30]} {[%emt 00:04:12]} 29. b4 {[%clk
00:11:12]} {[%emt 00:21:22]} Qxb2 {[%clk 00:28:35]} {[%emt 00:15:26]} 30. Rxa6
{[%clk 00:09:26]} {[%emt 00:02:14]} Qxb4 {[%clk 00:28:54]} {[%emt 00:00:11]} 31.
Kh2 {[%clk 00:06:23]} {[%emt 00:03:33]} Qd4 {[%clk 00:24:25]} {[%emt 00:04:59]}
32. Ra8 {[%clk 00:01:56]} {[%emt 00:04:58]} Rxa8 {[%clk 00:23:28]} {[%emt
00:01:26]} 33. Qxa8+ {[%clk 00:02:22]} {[%emt 00:00:03]} Kh7 {[%clk 00:22:28]}
{[%emt 00:01:30]} 34. Bg3 {[%clk 00:00:47]} {[%emt 00:02:06]} Bd6 {[%clk
00:16:43]} {[%emt 00:06:14]} 35. Bxd6 {[%clk 00:00:35]} {[%emt 00:00:42]} Qxd6+
{[%clk 00:17:07]} {[%emt 00:00:06]} 36. g3 {[%clk 00:00:59]} {[%emt 00:00:07]}
Qd4 {[%clk 00:16:42]} {[%emt 00:00:54]} 37. Qa2 {[%clk 00:00:49]} {[%emt
00:00:40]} Qc4 {[%clk 00:15:25]} {[%emt 00:01:48]} 38. Qa6 {[%clk 00:00:49]}
{[%emt 00:00:30]} Qe2 {[%clk 00:08:58]} {[%emt 00:06:57]} 39. Qb6 {[%clk
00:00:51]} {[%emt 00:00:29]} b4 {[%clk 00:06:46]} {[%emt 00:02:41]} 40. h4
{[%clk 00:00:44]} {[%emt 00:00:36]} Qc4 {[%clk 00:06:05]} {[%emt 00:01:12]} 41.
h5 {[%clk 00:00:39]} {[%emt 00:00:35]} b3 {[%clk 00:06:05]} {[%emt 00:00:31]}
42. Qb7 {[%clk 00:27:51]} {[%emt 00:03:17]} Qc2 {[%clk 00:26:14]} {[%emt
00:10:21]} 0-1